Divine Library of the Old Testament (Record no. 9224)
[ view plain ]
| 000 -LEADER | |
|---|---|
| fixed length control field | 00610nam a2200241 a 4500 |
| 020 ## - INTERNATIONAL STANDARD BOOK NUMBER | |
| ISBN | |
| 082 00 - DEWEY DECIMAL CLASSIFICATION NUMBER | |
| Classification number | 221.9 |
| Author Cutter | KIR |
| 100 ## - MAIN ENTRY--AUTHOR NAME | |
| Author name | Kirk Patrick, A F |
| 245 ## - TITLE STATEMENT | |
| Title | Divine Library of the Old Testament |
| Sub title | Five Lecture. |
| 260 ## - PUBLICATION, DISTRIBUTION, ETC. (IMPRINT) | |
| Place of publication | London |
| Name of publisher | Macmillan and Co. |
| Year of publication | 1892 |
| 300 ## - PHYSICAL DESCRIPTION | |
| Number of Pages | 155p |
| 500 ## - GENERAL NOTE | |
| General note | includes index and biblioraphy |
| 505 2# - FORMATTED CONTENTS NOTE | |
| Formatted contents note | Bibliography |
| 650 ## - SUBJECT ADDED ENTRY--TOPICAL TERM | |
| Topical Term | Bible O.T. History |
| 942 ## - ADDED ENTRY ELEMENTS (KOHA) | |
| Koha item type | Books |
| 700 1# - | |
| -- | Kirk Patrick, A F |
| Home library | Current library | Date acquired | Cost, normal purchase price | Full call number | Accession Number | Koha item type |
|---|---|---|---|---|---|---|
| Henry Martyn Institute Library | Henry Martyn Institute Library | 06/18/2007 | 100.00 | 221.9 KIR | 12346 | Archive Book |
